000
00246nam a2200109Ia 4500
999
_c
7021
_d
7021
020
_a
978-0072904789
100
_a
Joseph R. Dominick
245
4
_a
The Dynamics of Mass Communication
260
_a
New York
_b
CRC
_c
1996
300
_a
599
942
_c
BK